| 000 | 00561nam a2200205Ia 4500 | ||
|---|---|---|---|
| 003 | 0100 | ||
| 008 | 130303s9999 xx 000 0 und d | ||
| 020 | _a1556126220 | ||
| 040 | _cARRUPELIB | ||
| 050 | _aP94.M33 1994 | ||
| 245 | _aMass media and the moral imagination | ||
| 260 | _aKansas City | ||
| 260 | _bSheed Ward | ||
| 260 | _C1994 | ||
| 300 | _a304 p. | ||
| 440 | _aCommunication, culture and theology | ||
| 650 | _bMedical ethics -Case studies | ||
| 700 | _aEdited by Philip J. Rossi Paul Soukup , Rossi, Philip J.Soukup, Paul | ||
| 942 | 0 | 0 | _03 |
| 999 |
_c8042 _d8042 |
||